Nombres para Líderes - Estadísticas

Estadísticas generales
  • Esta prueba ha sido intentada 9.613 veces
  • La puntuación promedio es 14 de 24
Estadísticas de respuestas
Grupo Líder % Correcto
Iglesia Católica Papa
99%
Consejo de administración Moderador
98%
Los Estados Unidos Presidente
98%
Un Imperio Emperador
89%
Una Ciudad Alcalde
88%
Un Barco Capitán
84%
Rusia, antes del 1918 Zar
79%
Un Ducado Duque
77%
Egipto Antiguo Faraón
76%
Un Estado de Estados Unidos Gobernador
69%
Alemania Nazi Führer
68%
Alemania Moderna Canciller
61%
Nación Parlamentaria Primer Ministro
56%
Una Diocesis Católica Obispo
50%
Una Colonia Española Virrey
47%
Alemania o Austria, antes de 1918 Káiser
40%
Mongolia Kan
38%
Italia Facista Duce
36%
El Imperio Otomano Sultán
33%
República Romana (co-líder) Cónsul
19%
La Iglesia Ortodoxa Patriarca
19%
Iran, antes del 1979 Shah
19%
Venecia Medieval Dux
16%
Japón (dictador militar, antes del 1867) Sogún
15%
No se encontraron pruebas coincidentes
Distribución de puntuación
Porcentaje de gente con cada puntuación
Porcentaje por número respondido
Historial de tus puntuaciones
No has intentado esta prueba.